000 00679nam a2200229Ia 4500
003 OSt
005 20221005070125.0
006 a|||||r|||| 00| 0
007 ta
008 221004b |||||||| |||| 00| 0 guj d
024 _a40799
037 _cTextual
040 _aCRL
_cCRL
_bguj
041 _2guj
_aguj
082 _aP15:Cx5:1, 156K0
100 _aNhayni Harivallabh Chunilal Au.
_9605340
245 0 _aSindhemagat Apbaransh Vyakaran
260 _aMumbai
_bSri Fakharsh Gujrat Sabha India
_c1960
650 _aLANGUAGE AND LANGUAGES
_98342
942 _hP15:Cx5:1, 156K0
_cTEXL
_2cc
999 _c975707
_d975707